00555nmm a2200145Ia 4500008004100000020001800041041000800059100002600067245007600093264008400169300001800253490005100271650003600322856005100358251105s9999||||xx |||||||||||||||||und|| a9788437096698 aeng aLópez Peña, Laura 0aBeyond the Walls. :b Being with Each Other in Herman Melville's Clarel a[Madrid, España] :bPublicaciones de la Universidad de Valencia (PUV), c2015 a308 páginas aBiblioteca Javier Coy d'estudis nord-americans aEnglish literature and language uhttps://public.digitaliapublishing.com/a/39407